000 00322nam a2200121Ia 4500
008 220204s9999 xx 000 0 und d
082 _a58/581
_bSCA;1
100 _aSCAGEL, Robert F
245 0 _aPlant diversity: An evolutionary approach.
260 _aBelmont
_bWadsworth
_c1969
650 _aPlant evolution
942 _cBK
999 _c31959
_d31959